01432nam a22003494a 4500001001200000003000800012006001900020007001500039008004100054010001700095020003500112020001800147040002100165035002100186050002200207082001800229100001800247245012200265260007400387300002500461500005900486500003500545504005300580533015200633650002300785655002900808710003800837710004700875710001700922856012600939999001701065ebr10152631CaPaEBRm u cr cn|||||||||060227s2006 caua sb 000 0 eng  z 2006007106 z0833039261 (pbk. : alk. paper) z9780833039262 aCaPaEBRcCaPaEBR a(OCoLC)15467076914aU241b.L66 2006eb04a355.02/182221 aLong, Austin.10aOn "other war"h[electronic resource] :blessons from five decades of RAND counterinsurgency research /cAustin Long. aSanta Monica, CA :bRAND, National Defense Research Institute,c2006. axvii, 101 p. :bill. a"Prepared for the Office of the Secretary of Defense." a"MG-482-OSD"--P. [4] of cover. aIncludes bibliographical references (p. 85-101). aElectronic reproduction.bPalo Alto, Calif. :cebrary,d2013.nAvailable via World Wide Web.nAccess may be limited to ebrary affiliated libraries. 0aCounterinsurgency. 7aElectronic books.2local1 aUnited States.bDept. of Defense.2 aNational Defense Research Institute (U.S.)2 aebrary, Inc.40uhttp://site.ebrary.com/lib/rucke/Doc?id=10152631zAn electronic book accessible through the World Wide Web; click to view c95634d95634